| 000 | 00906nam a2200277 i 4500 | ||
|---|---|---|---|
| 001 | bg | ||
| 100 | 1 | _aZubrzycki, Janusz. | |
| 245 | 1 | 0 |
_aŚrodki trwałe oraz wartości niematerialne i prawne 2003 / _cJanusz Zubrzycki, Małgorzata Grzybowska, Małgorzata Wieczorek-Fronia. |
| 260 |
_aWrocław : _b"Unimex", _ccop. 2003. |
||
| 300 |
_a521, [3] s. : _bil. ; _c24 cm. |
||
| 650 | 9 |
_aMajątek trwały _xprawo _zPolska _ystan na 2003 r. |
|
| 655 | _aPodręczniki | ||
| 700 | 1 | _aGrzybowska, Małgorzata. | |
| 700 | 1 | _aWieczorek-Fronia, Małgorzata. | |
| 020 | _a838878529X | ||
| 040 | _cBPK | ||
| 041 | 0 | _apol | |
| 080 | _a346.52(438) | ||
| 080 | _a658.2 | ||
| 080 | _a347.77/.78(438) | ||
| 080 | _a(07) | ||
| 920 | _a83-88785-29-X | ||
| 942 | _cKS | ||
| 008 | 031027s2003 pl f |000 0 pol | ||
| 999 |
_c43286 _d43286 |
||
| 856 |
_uhttp://koha.tu.koszalin.pl/cgi-bin/koha/opac-detail.pl?biblionumber=43286 _yKatalog online BPK |
||